000 00413pab a2200133 454500
008 180718b xxu||||| |||| 00| 0 eng d
100 _aJain Purendra
245 _aSubsidiary, supporter or challenger? local national relations in Japan
362 _a19(2) Summer 93, p.264-89
650 _a National Government -- Japan
650 _aLocal Government -- Japan
773 _aLocal Government Studies
909 _a25022
999 _c25022
_d25022